00906nam a2200229 450000100060000000300080000600500170001400800410003103500190007204000270009104100080011808200250012611100870015124501960023826000650043430000350049950400510053465000240058565000300060970000180063970000190065711303BD RJUL20211208235113.0140126s1969 ne aado b 101 0 eng  a(BD RJUL)11352 aDLCcDLCdBD RJULbeng aeng00a571.64bMEM 19692232 aInternational Conference on Biological Membranesn(2nd :d1967 :cFrascati, Italy)10aMembrane models and the formation of biological membranes :bProceedings of the 1967 meeting of the International Conference on Biological Membranes /cEditors: Liana Bolis and B. A. Pethica. aAmsterdam :bNorth-Holland Pub. Co.,c1968, [Reprinted 1969] axiii, 343 p. :bill. ;c23 cm. aIncludes bibliographical references and index. 0aMembranes (Biology) 0aCell membranesxFormation1 aBolis, Liana.1 aPethica, B. A.